000 00464nam a22001697a 4500
005 20251108171137.0
008 250721s1966 xx 000 0 ara d
082 1 4 _aق/محم
100 1 _aرزق، محمد طلبه
245 1 0 _aيوسف الصديق /
264 1 _aالقاهره :
_bدار المعارف،
_c1966.
300 _a136ص
490 0 _aسلسلة إقرأ ؛ 278
650 1 7 _aالأدب العربي
942 _2ddc
_cBK
999 _c57735
_d57735